00589 2200181 4500001002100000005001500021035002000036245010600056100002400162300003800186856003600224700003200260260006300292082001000355084001600365020000800381600001800389INLIS00000000000266820210907012038 a0010-09210000141 aBuku Panduan perencanaan dan penganggaran yang berpihak pada masyarakat miskin /cEndah Murniningtyas0 aEndah Murniningtyas a113 halaman :bIlustrasi ;c25 cm aPerpustakaan Umum Kota Makassar0 aPenyelaras ; Vivi Yulaswati aJakarta ; :bBadan Perencanaan Pembangunan Nasional,c2008 a362.5 a362.5 NUR s a... 4aKesejahteraan